[Event "ODJM C 2018"]
[Site "Willingen GER"]
[Date "2018.05.25"]
[Round "8"]
[White "Matiashvili, Alexander Michael"]
[Black "Zalomska, Nikola"]
[Result "0-1"]
[Termination "normal"]
[Board "16"]
[WhiteElo "847"]
[BlackElo "1174"]
[PlyCount "58"]
[WhiteFideId "16266242"]
[BlackFideId "16241290"]
[EventCountry "GER"]
[EventRounds "9"]
[EventType "swiss"]
[EventDate "2018.05.19"]

1. e4 e5 2. Nf3 Nc6 3. Bc4 Bc5 4. O-O Nf6 5. d4 exd4 6. e5 Ng4 7. Bf4 O-O 8. c3
dxc3 9. Nxc3 Na5 10. Bd3 c6 11. a3 Nxf2 12. Rxf2 Bxf2+ 13. Kxf2 Qb6+ 14. Be3
Qxb2+ 15. Kg1 Qxc3 16. Rc1 Qb3 17. Qd2 b6 18. Qf2 Qxd3 19. Bf4 Qxa3 20. Qg3 g6
21. Qh4 Re8 22. Qh6 Qf8 23. Qh3 d5 24. g4 h5 25. Ng5 Bxg4 26. Qe3 Nc4 27. Qd4
Qc5 28. Qxc5 bxc5 29. h3 Bf5 0-1

[Event "ODJM C 2018"]
[Site "Willingen GER"]
[Date "2018.05.25"]
[Round "8"]
[White "Sieber, Cassandra"]
[Black "Altgelt, Helene"]
[Result "1/2-1/2"]
[Termination "normal"]
[Board "17"]
[WhiteElo "1001"]
[BlackElo "1199"]
[PlyCount "156"]
[WhiteFideId "16266218"]
[BlackFideId "16232020"]
[EventCountry "GER"]
[EventRounds "9"]
[EventType "swiss"]
[EventDate "2018.05.19"]

1. e4 c6 2. d4 d5 3. exd5 cxd5 4. Nf3 Bf5 5. Bb5+ Nc6 6. O-O e6 7. Bg5 Qb6 8.
Nc3 Bd6 9. a3 h6 10. Be3 Nf6 11. Nh4 Bh7 12. Re1 O-O 13. Qe2 Nxd4 14. Bxd4 Qxd4
15. Nf3 Qb6 16. Na4 Qc7 17. c4 a6 18. c5 Bxc5 19. Nxc5 Qxc5 20. Ba4 Rac8 21.
Rac1 Qb6 22. Ne5 Rc7 23. Qd2 Rfc8 24. b4 Ne4 25. Rxc7 Rxc7 26. Qf4 Qd6 27. Rd1
f6 28. Nd3 Qxf4 29. Nxf4 Kf7 30. Re1 Rc4 31. Nd3 Rc3 32. Nf4 Rxa3 33. Bd7 Bf5
34. f3 Nc3 35. g4 e5 36. Bxf5 exf4 37. Kf2 Ra2+ 38. Kf1 Rb2 39. Rc1 d4 40. Ke1
Ke7 41. Bc8 Rxb4 42. Kd2 Kd6 43. Kd3 Kd5 44. h4 a5 45. Ra1 a4 46. Ra3 Rb3 47.
Ra1 b5 48. Bb7+ Kc5 49. h5 a3 50. Kc2 Kc4 51. Bc8 Kb4 52. Kd3 a2 53. Be6 Rb1
54. Rxa2 Nxa2 55. Bxa2 Rb2 56. Be6 Rb1 57. Kxd4 Rd1+ 58. Ke4 Kc3 59. Kxf4 b4
60. Kf5 b3 61. Kg6 b2 62. Bf5 b1=Q 63. Bxb1 Rxb1 64. Kxg7 Rf1 65. Kxh6 Rxf3 66.
Kg6 Kd4 67. h6 Ke5 68. g5 fxg5 69. Kxg5 Rg3+ 70. Kh4 Rg8 71. Kh5 Kf6 72. h7 Rg1
73. h8=Q+ Kf7 74. Qh7+ Rg7 75. Qf5+ Kg8 76. Kh6 Rf7 77. Qg6+ Kh8 78. Kh5 Rh7+
1/2-1/2

[Event "ODJM C 2018"]
[Site "Willingen GER"]
[Date "2018.05.25"]
[Round "8"]
[White "Zobel, Christian Erik"]
[Black "Hernando, Leonard"]
[Result "1-0"]
[Termination "normal"]
[Board "18"]
[WhiteElo "1240"]
[BlackElo "1107"]
[PlyCount "115"]
[WhiteFideId "16259068"]
[BlackFideId "16266170"]
[EventCountry "GER"]
[EventRounds "9"]
[EventType "swiss"]
[EventDate "2018.05.19"]

1. e4 e5 2. Nf3 Nc6 3. d4 exd4 4. Nxd4 Nf6 5. Nc3 Bb4 6. Nxc6 bxc6 7. Bd2 d5 8.
exd5 cxd5 9. Bb5+ Bd7 10. Bxd7+ Qxd7 11. O-O O-O 12. a3 Bd6 13. Bg5 Ne4 14.
Nxe4 dxe4 15. Re1 Rfe8 16. Be3 a6 17. Qd4 Rad8 18. Rad1 c5 19. Qd2 Re7 20. Qa5
Rc8 21. Qxa6 Rc6 22. Qb5 Qc7 23. g3 h6 24. Qc4 Re8 25. Bd2 Qe7 26. Bc3 Qe6 27.
Qxe6 Rxe6 28. Re2 Rc8 29. Ba5 Rce8 30. b4 cxb4 31. axb4 Kh7 32. c4 Ra8 33. Rc2
Ree8 34. Rxd6 Reb8 35. c5 Rc8 36. Ra2 Kh8 37. Rd4 f5 38. Rc4 Rc6 39. b5 Rcc8
40. c6 g6 41. b6 Rab8 42. b7 Re8 43. c7 Rxb7 44. c8=Q Rxc8 45. Rxc8+ Kh7 46.
Rc7+ Rxc7 47. Bxc7 Kg7 48. Ra6 h5 49. Bf4 Kh7 50. Ra7+ Kh8 51. Bh6 Kg8 52. Kf1
Kh8 53. Ke2 Kg8 54. Ke3 Kh8 55. Kf4 Kg8 56. Kg5 Kh8 57. Kxg6 Kg8 58. Ra8# 1-0

[Event "ODJM C 2018"]
[Site "Willingen GER"]
[Date "2018.05.25"]
[Round "8"]
[White "Bone, Franziska"]
[Black "Shapiro, Danil"]
[Result "1-0"]
[Termination "normal"]
[Board "19"]
[WhiteElo "920"]
[BlackElo "1238"]
[PlyCount "21"]
[WhiteFideId "16261488"]
[BlackFideId "16260015"]
[EventCountry "GER"]
[EventRounds "9"]
[EventType "swiss"]
[EventDate "2018.05.19"]

1. e4 e6 2. d4 d5 3. Nc3 Nf6 4. e5 Nfd7 5. Qg4 c5 6. Bg5 Qb6 7. O-O-O cxd4 8.
Rxd4 Nxe5 9. Nxd5 Nxg4 10. Nxb6 axb6 11. Rd8# 1-0

[Event "ODJM C 2018"]
[Site "Willingen GER"]
[Date "2018.05.25"]
[Round "8"]
[White "Reichel, Sara"]
[Black "Haug, Mara"]
[Result "1/2-1/2"]
[Termination "normal"]
[Board "20"]
[WhiteElo "1192"]
[BlackElo "938"]
[PlyCount "58"]
[WhiteFideId "16245130"]
[BlackFideId "16259300"]
[EventCountry "GER"]
[EventRounds "9"]
[EventType "swiss"]
[EventDate "2018.05.19"]

1. e4 e5 2. Nf3 Nc6 3. Bc4 Bc5 4. d4 Bxd4 5. Nxd4 Nxd4 6. Be3 Ne6 7. Qd2 d6 8.
Nc3 Nc5 9. O-O-O Be6 10. Bxe6 Nxe6 11. g4 Qd7 12. f3 O-O-O 13. Nd5 Ne7 14. Qc3
Nxd5 15. exd5 Nf4 16. Bxf4 exf4 17. Qxg7 Qa4 18. Kb1 Qe8 19. Rhe1 Qg8 20. Qf6
Qg6 21. Qxf4 h5 22. h3 hxg4 23. hxg4 Rh7 24. Qe4 Rh2 25. Qxg6 fxg6 26. Rh1 Rg2
27. Kc1 Re8 28. Rd2 Ree2 29. Rxe2 Rxe2 1/2-1/2

[Event "ODJM C 2018"]
[Site "Willingen GER"]
[Date "2018.05.25"]
[Round "8"]
[White "Burger, Daiana"]
[Black "Reyher, Bastian"]
[Result "1/2-1/2"]
[Termination "normal"]
[Board "21"]
[WhiteElo "939"]
[BlackElo "1137"]
[PlyCount "67"]
[WhiteFideId "16217233"]
[BlackFideId "12927465"]
[EventCountry "GER"]
[EventRounds "9"]
[EventType "swiss"]
[EventDate "2018.05.19"]

1. e4 e5 2. Nf3 Nc6 3. Bc4 Bc5 4. d3 d6 5. Ng5 Nh6 6. h3 Qf6 7. Nf3 Be6 8. Nc3
O-O 9. Bg5 Qg6 10. Qd2 Nd4 11. Nh4 Nxc2+ 12. Kf1 Qh5 13. g4 Nxg4 14. hxg4 Bxg4
15. Kg2 Nxa1 16. f3 Bxf3+ 17. Nxf3 Qg4+ 18. Kh2 Qxf3 19. Rxa1 Bf2 20. Ne2 h6
21. Bxh6 Qh5+ 22. Kg2 gxh6 23. Kxf2 Kh7 24. Ng3 Qh4 25. Rh1 Qf4+ 26. Qxf4 exf4
27. Nf5 h5 28. Rxh5+ Kg6 29. Rh4 Kg5 30. Kf3 Rh8 31. Rxf4 Rh3+ 32. Ng3 f6 33.
Be6 Rh2 34. Rg4+ 1/2-1/2

[Event "ODJM C 2018"]
[Site "Willingen GER"]
[Date "2018.05.25"]
[Round "8"]
[White "Foos, Vanessa"]
[Black "Conrad, Max"]
[Result "0-1"]
[Termination "normal"]
[Board "22"]
[WhiteElo "1171"]
[BlackElo "1013"]
[PlyCount "86"]
[WhiteFideId "16245270"]
[BlackFideId "16265572"]
[EventCountry "GER"]
[EventRounds "9"]
[EventType "swiss"]
[EventDate "2018.05.19"]

1. e4 e5 2. Nf3 Nc6 3. Bc4 d6 4. Nc3 Be7 5. h3 Bd7 6. d3 Nf6 7. Bg5 Nd4 8. O-O
O-O 9. Nxd4 exd4 10. Nd5 Nxd5 11. Bxe7 Qxe7 12. exd5 b5 13. Re1 Qg5 14. Bb3
Bxh3 15. Qf3 Bd7 16. Re4 c5 17. Rae1 a5 18. c4 bxc4 19. dxc4 g6 20. Re7 Qf5 21.
Qxf5 Bxf5 22. Ba4 Kg7 23. Bc6 Rab8 24. b3 d3 25. Rd1 h5 26. Ra7 Kh6 27. Bd7
Bxd7 28. Rxd7 Rbd8 29. Rxd8 Rxd8 30. Rxd3 Ra8 31. Re3 a4 32. Re7 axb3 33. axb3
f5 34. Re6 Rd8 35. f3 h4 36. Kf2 Kh5 37. Ke3 g5 38. f4 g4 39. Kf2 Ra8 40. Rxd6
Ra2+ 41. Kg1 Ra1+ 42. Kh2 g3+ 43. Kh3 Rh1# 0-1

[Event "ODJM C 2018"]
[Site "Willingen GER"]
[Date "2018.05.25"]
[Round "8"]
[White "Grunert, Heinrich"]
[Black "Hornstein, Leonhard"]
[Result "1/2-1/2"]
[Termination "normal"]
[Board "23"]
[WhiteElo "1212"]
[BlackElo "934"]
[PlyCount "108"]
[WhiteFideId "16213416"]
[BlackFideId "16254643"]
[EventCountry "GER"]
[EventRounds "9"]
[EventType "swiss"]
[EventDate "2018.05.19"]

1. e4 d5 2. exd5 Qxd5 3. Nc3 Qa5 4. d4 Nf6 5. Bc4 c6 6. Bf4 Bg4 7. Nf3 Nbd7 8.
h3 Bh5 9. O-O e6 10. a3 Be7 11. Re1 O-O 12. Be5 Rad8 13. Rb1 Nxe5 14. Rxe5 Qxe5
15. dxe5 Rxd1+ 16. Rxd1 Bxf3 17. gxf3 Nd5 18. Nxd5 exd5 19. Bd3 Bc5 20. b4 Be7
21. Kg2 f6 22. c4 fxe5 23. Re1 Bf6 24. cxd5 cxd5 25. Bf5 Be7 26. Be6+ Kh8 27.
Bxd5 Bd6 28. Bxb7 Rb8 29. Bd5 Rb5 30. Be4 Rb6 31. Rc1 g6 32. Rc8+ Kg7 33. Ra8
Ra6 34. Rd8 Kf6 35. b5 Rb6 36. Rd7 a5 37. bxa6 Rxa6 38. Rxh7 Rxa3 39. h4 Bc5
40. Rh6 Ra2 41. Rxg6+ Ke7 42. h5 Rxf2+ 43. Kg3 Rb2 44. Rg8 Bf2+ 45. Kg4 Be3 46.
Kh3 Rb6 47. Rg7+ Kf8 48. Rg6 Rxg6 49. hxg6 Kg7 50. Kg4 Bc1 51. Kf5 Bb2 52. f4
exf4 53. Kxf4 Bc3 54. Kg5 Bd4 1/2-1/2

[Event "ODJM C 2018"]
[Site "Willingen GER"]
[Date "2018.05.25"]
[Round "8"]
[White "Ahrens, Merle"]
[Black "Wellßow, Lio Keanu"]
[Result "0-1"]
[Termination "normal"]
[Board "24"]
[WhiteElo "1008"]
[BlackElo "1004"]
[PlyCount "74"]
[WhiteFideId "16266200"]
[BlackFideId "16252837"]
[EventCountry "GER"]
[EventRounds "9"]
[EventType "swiss"]
[EventDate "2018.05.19"]

1. d4 d5 2. c4 Nf6 3. Nc3 c6 4. e3 Bf5 5. Nf3 Nbd7 6. Be2 e6 7. O-O Bd6 8. a3
Bc7 9. Qd2 Nb6 10. b3 O-O 11. c5 Nbd7 12. Bd3 Bg4 13. Qe2 e5 14. h3 Bxf3 15.
gxf3 b5 16. b4 a5 17. Bd2 a4 18. Kh1 Rb8 19. Rg1 Nh5 20. f4 g6 21. fxe5 Qh4 22.
Qf1 f5 23. Be2 g5 24. Bxh5 Qxh5 25. Qg2 h6 26. f3 Kh7 27. Rae1 Rg8 28. Qf1 g4
29. fxg4 fxg4 30. Rg3 Rbf8 31. Qg2 Rf3 32. Kh2 Nxe5 33. Rf1 Nd3 34. Rfxf3 gxf3
35. Qf1 Rxg3 36. Qxd3+ Rg6+ 37. Kh1 Qxh3# 0-1

[Event "ODJM C 2018"]
[Site "Willingen GER"]
[Date "2018.05.25"]
[Round "8"]
[White "Herbertz, Daria"]
[Black "Margaryan, Venera"]
[Result "1-0"]
[Termination "normal"]
[Board "25"]
[WhiteElo "1394"]
[BlackElo "991"]
[PlyCount "157"]
[WhiteFideId "16222989"]
[BlackFideId "16266226"]
[EventCountry "GER"]
[EventRounds "9"]
[EventType "swiss"]
[EventDate "2018.05.19"]

1. e4 c5 2. Nf3 Nc6 3. d4 cxd4 4. Nxd4 Nxd4 5. Qxd4 Nf6 6. Bc4 e6 7. Bg5 Be7 8.
O-O h6 9. Bh4 b6 10. e5 Nh7 11. Bxe7 Qxe7 12. Qg4 O-O 13. Bd3 Ng5 14. h4 f5 15.
Qf4 Nf7 16. Nc3 Bb7 17. Qg3 Rac8 18. Rfd1 Rfd8 19. Rd2 Rc5 20. Re1 d6 21. exd6
Rxd6 22. Ree2 Rd4 23. Qb8+ Bc8 24. g3 Rb4 25. Ba6 Qc7 26. Qxc7 Rxc7 27. Nb5 Rc5
28. Bxc8 Rxc8 29. Nxa7 Rc7 30. c3 Ra4 31. Nb5 Rc5 32. Na3 Ne5 33. Rd6 Nc4 34.
Nxc4 Rcxc4 35. Rxb6 Rxa2 36. Rbxe6 f4 37. Rc2 f3 38. Re3 g5 39. hxg5 h5 40.
Rxf3 h4 41. gxh4 Rxh4 42. Kg2 Rg4+ 43. Rg3 Re4 44. c4 Ra5 45. c5 Re8 46. c6 Rc8
47. c7 Ra7 48. Rgc3 Kf8 49. b4 Rb7 50. Rc4 Ke8 51. g6 Kd7 52. f4 Ke7 53. Kg3
Kf6 54. Rc6+ Kg7 55. R2c4 Ra7 56. b5 Rb7 57. b6 Kg8 58. f5 Kf8 59. Kg4 Kg7 60.
Kg5 Kf8 61. f6 Kg8 62. Kh6 Kf8 63. Kh7 Ke8 64. Rd4 Kf8 65. Rd8+ Rxd8 66. g7+
Ke8 67. cxd8=Q+ Kxd8 68. Kh8 Kd7 69. Rc7+ Kd6 70. Rxb7 Kc6 71. g8=Q Kxb7 72. f7
Kxb6 73. f8=R Kc5 74. Rf6 Kd4 75. Rf5 Ke4 76. Qg4+ Ke3 77. Rf3+ Ke2 78. Qg2+
Ke1 79. Rf1# 1-0

[Event "ODJM C 2018"]
[Site "Willingen GER"]
[Date "2018.05.25"]
[Round "8"]
[White "Vianden, Ella"]
[Black "Jagodzinsky, Lukas"]
[Result "1-0"]
[Termination "normal"]
[Board "26"]
[WhiteElo "1044"]
[BlackElo "840"]
[PlyCount "103"]
[WhiteFideId "16235592"]
[BlackFideId "16233255"]
[EventCountry "GER"]
[EventRounds "9"]
[EventType "swiss"]
[EventDate "2018.05.19"]

1. e4 e5 2. Nf3 Nf6 3. Nc3 Nc6 4. Be2 Bc5 5. Nxe5 Nxe5 6. d4 Bb4 7. dxe5 Nxe4
8. Bd2 Nxc3 9. bxc3 Ba5 10. O-O Qe7 11. Bd3 O-O 12. Re1 Qc5 13. c4 b6 14. Qc1
Bb7 15. Re2 Rab8 16. Bh6 Qc6 17. Re4 f5 18. exf6 Qxf6 19. Be3 Bxe4 20. Bxe4 Bc3
21. Rb1 Bd4 22. Qe1 Bxe3 23. Qxe3 Qf4 24. Qe2 Rfe8 25. f3 c6 26. Rd1 Rbd8 27.
Qf2 d5 28. cxd5 cxd5 29. Bxd5+ Kf8 30. Qf1 Re5 31. Be4 Rxd1 32. Qxd1 Qe3+ 33.
Kf1 a5 34. Qd8+ Re8 35. Qd6+ Re7 36. Bxh7 Qc1+ 37. Kf2 Qxc2+ 38. Bxc2 b5 39.
Qb8+ Re8 40. Qxb5 Rd8 41. Qxa5 Rc8 42. Bb3 Re8 43. Qf5+ Ke7 44. Qe6+ Kd8 45.
Qg6 Kd7 46. Ba4+ Kd8 47. Qxe8+ Kc7 48. Qd7+ Kb6 49. Qxg7 Ka5 50. Qd4 Ka6 51. a3
Ka5 52. Qa7# 1-0

[Event "ODJM C 2018"]
[Site "Willingen GER"]
[Date "2018.05.25"]
[Round "8"]
[White "Yang, Marco"]
[Black "Wagner, Xaver Korbinian"]
[Result "1-0"]
[Termination "normal"]
[Board "27"]
[WhiteElo "1026"]
[BlackElo "1127"]
[PlyCount "37"]
[WhiteFideId "16254260"]
[EventCountry "GER"]
[EventRounds "9"]
[EventType "swiss"]
[EventDate "2018.05.19"]

1. e4 e5 2. Nf3 Nc6 3. Bc4 Bc5 4. c3 Nf6 5. d4 exd4 6. cxd4 Bb4+ 7. Nc3 Nxe4 8.
O-O Nxc3 9. bxc3 Bxc3 10. Qb3 Bxa1 11. Bxf7+ Kf8 12. Bg5 Ne7 13. Ne5 h6 14. Bg6
d5 15. Qf3+ Bf5 16. Bxe7+ Qxe7 17. Qxf5+ Kg8 18. Bf7+ Kf8 19. Ng6# 1-0

[Event "ODJM C 2018"]
[Site "Willingen GER"]
[Date "2018.05.25"]
[Round "8"]
[White "Trenkelbach, Cassian Karl"]
[Black "Grozea, Nicolae Theodor"]
[Result "0-1"]
[Termination "normal"]
[Board "28"]
[WhiteElo "1076"]
[BlackElo "972"]
[PlyCount "90"]
[WhiteFideId "16266188"]
[BlackFideId "16266234"]
[EventCountry "GER"]
[EventRounds "9"]
[EventType "swiss"]
[EventDate "2018.05.19"]

1. e4 e5 2. Nf3 Nc6 3. d4 exd4 4. Nxd4 Bc5 5. Nxc6 bxc6 6. Bc4 d6 7. Qf3 Nf6 8.
e5 dxe5 9. Qxc6+ Bd7 10. Qxc5 Bf5 11. Qxe5+ Qe7 12. Qxe7+ Kxe7 13. O-O Rhd8 14.
Bg5 Rd7 15. Bxf6+ Kxf6 16. Re1 Bxc2 17. Re2 Rd1+ 18. Re1 Rxe1+ 19. Bf1 Bd3 20.
g3 Rxf1+ 21. Kg2 Rxb1 22. Rxb1 Bxb1 23. a3 g5 24. Kf3 Kf5 25. g4+ Ke5 26. Ke3
Rd8 27. f3 Rd3+ 28. Kf2 f5 29. gxf5 Kxf5 30. Ke2 Kf4 31. h3 Rxf3 32. Kd2 Rf2+
33. Kc3 Ke4 34. b3 Rc2+ 35. Kb4 Kd5 36. a4 h5 37. Kb5 g4 38. hxg4 hxg4 39. b4
Rc6 40. a5 g3 41. a6 g2 42. Ka5 g1=Q 43. Ka4 Rc3 44. Kb5 Qb6+ 45. Ka4 Bc2# 0-1

[Event "ODJM C 2018"]
[Site "Willingen GER"]
[Date "2018.05.25"]
[Round "8"]
[White "Basovskiy, Michael"]
[Black "Ahrens, Malte"]
[Result "1/2-1/2"]
[Termination "normal"]
[Board "29"]
[WhiteElo "937"]
[BlackElo "1046"]
[PlyCount "77"]
[WhiteFideId "16258754"]
[BlackFideId "16266196"]
[EventCountry "GER"]
[EventRounds "9"]
[EventType "swiss"]
[EventDate "2018.05.19"]

1. d4 d5 2. c4 e6 3. Nc3 Nc6 4. Nf3 f5 5. Bg5 Nf6 6. e3 Be7 7. Bxf6 Bxf6 8. Bd3
Bd7 9. O-O Qe7 10. Qb3 Na5 11. Qc2 dxc4 12. Be2 O-O-O 13. Rad1 Bc6 14. h3 Qd7
15. Qd2 Bxf3 16. Bxf3 e5 17. Ne2 Nc6 18. Bxc6 Qxc6 19. Qc2 Qb5 20. Qxf5+ Kb8
21. Qc2 exd4 22. exd4 Qd5 23. Qd2 c5 24. Qf4+ Ka8 25. dxc5 Qxd1 26. Rxd1 Rxd1+
27. Kh2 Re8 28. Qf3 Be5+ 29. Ng3 Bxg3+ 30. Qxg3 Rd2 31. Qxg7 Rxf2 32. Qxh7 Rxb2
33. Qf7 Rd8 34. Qf6 Rbd2 35. Qc3 Rxa2 36. Qxc4 Rad2 37. c6 bxc6 38. Qxc6+ Kb8
39. Qb5+ 1/2-1/2

[Event "ODJM C 2018"]
[Site "Willingen GER"]
[Date "2018.05.26"]
[Round "9"]
[White "Noever, Jonas"]
[Black "Borriss, Benjamin"]
[Result "0-1"]
[Termination "normal"]
[Board "1"]
[WhiteElo "1204"]
[BlackElo "1272"]
[WhiteClock "01:02:55"]
[BlackClock "01:07:00"]
[PlyCount "104"]
[WhiteFideId "16266137"]
[BlackFideId "16266099"]
[EventCountry "GER"]
[EventRounds "9"]
[EventType "swiss"]
[EventDate "2018.05.19"]

1. e4 {[%clk 1:30:58]} 1... e5 {[%clk 1:30:55]} 2. Nf3 {[%clk 1:31:20]} 2...
Nc6 {[%clk 1:31:19]} 3. d4 {[%clk 1:31:44]} 3... exd4 {[%clk 1:31:42]} 4. Nxd4
{[%clk 1:32:04]} 4... Nf6 {[%clk 1:32:06]} 5. Nc3 {[%clk 1:32:06]} 5... Bb4 {
[%clk 1:32:11]} 6. Nxc6 {[%clk 1:32:11]} 6... bxc6 {[%clk 1:32:32]} 7. Bd3 {
[%clk 1:32:30]} 7... d5 {[%clk 1:32:33]} 8. exd5 {[%clk 1:32:47]} 8... cxd5 {
[%clk 1:32:54]} 9. O-O {[%clk 1:32:59]} 9... O-O {[%clk 1:33:16]} 10. Bg5 {
[%clk 1:32:56]} 10... c6 {[%clk 1:32:37]} 11. Ne2 {[%clk 1:31:52]} 11... h6 {
[%clk 1:30:29]} 12. Bh4 {[%clk 1:31:53]} 12... Bd7 {[%clk 1:28:14]} 13. c3 {
[%clk 1:30:27]} 13... Bd6 {[%clk 1:28:25]} 14. Re1 {[%clk 1:25:12]} 14... Rb8 {
[%clk 1:27:10]} 15. Rb1 {[%clk 1:24:56]} 15... c5 {[%clk 1:27:02]} 16. Be4 {
[%clk 1:16:34]} 16... g5 {[%clk 1:26:14]} 17. Bxd5 {[%clk 1:11:25]} 17... Nxd5
{[%clk 1:24:50]} 18. Qxd5 {[%clk 1:09:12]} 18... Be6 {[%clk 1:24:24]} 19. Bxg5
{[%clk 1:07:13]} 19... Bxh2+ {[%clk 1:23:47]} 20. Kxh2 {[%clk 1:06:43]} 20...
Qxd5 {[%clk 1:24:08]} 21. Be3 {[%clk 1:06:06]} 21... Kh7 {[%clk 1:22:55]} 22.
a3 {[%clk 1:05:48]} 22... Rg8 {[%clk 1:22:46]} 23. Nf4 {[%clk 1:05:41]} 23...
Qc6 {[%clk 1:21:09]} 24. g3 {[%clk 1:05:40]} 24... Rg4 {[%clk 1:17:46]} 25. Rg1
{[%clk 1:03:54]} 25... Rh8 {[%clk 1:17:00]} 26. Nh5 {[%clk 1:02:50]} 26... Kg6
{[%clk 1:16:23]} 27. Nf4+ {[%clk 1:02:42]} 27... Kf6 {[%clk 1:15:51]} 28. Nh5+
{[%clk 1:02:31]} 28... Ke7 {[%clk 1:16:06]} 29. Rbe1 {[%clk 1:02:15]} 29... Kd8
{[%clk 1:13:45]} 30. Rd1+ {[%clk 1:02:24]} 30... Kc8 {[%clk 1:13:54]} 31. Nf6 {
[%clk 1:02:15]} 31... h5 {[%clk 1:13:34]} 32. Rdf1 {[%clk 1:01:29]} 32... Rg6 {
[%clk 1:13:10]} 33. f4 {[%clk 1:00:14]} 33... Rxf6 {[%clk 1:10:28]} 34. b4 {
[%clk 1:00:19]} 34... h4 {[%clk 1:09:14]} 35. g4 {[%clk 1:00:26]} 35... h3 {
[%clk 1:06:27]} 36. Bxc5 {[%clk 1:00:02]} 36... Bd5 {[%clk 1:04:27]} 37. Bd4 {
[%clk 0:59:49]} 37... Bh1 {[%clk 1:04:06]} 38. Rg3 {[%clk 0:59:36]} 38... Qg2+
{[%clk 1:03:57]} 39. Rxg2 {[%clk 0:59:53]} 39... hxg2+ {[%clk 1:04:20]} 40. Kg1
{[%clk 0:59:49]} 40... gxf1=Q+ 41. Kxf1 {[%clk 1:00:07]} 41... Rxf4+ { [%clk
1:05:01]} 42. Bf2 {[%clk 1:00:29]} 42... Bf3 {[%clk 1:04:27]} 43. Ke1 { [%clk
1:00:28]} 43... Re8+ {[%clk 1:04:31]} 44. Kd2 {[%clk 1:00:49]} 44... Re2+
{[%clk 1:04:46]} 45. Kd3 {[%clk 1:01:09]} 45... Rxf2 {[%clk 1:05:07]} 46. Ke3 {
[%clk 1:01:33]} 46... Bxg4 {[%clk 1:05:29]} 47. a4 {[%clk 1:01:49]} 47... R2f3+
{[%clk 1:05:40]} 48. Kd2 {[%clk 1:02:12]} 48... Rc4 {[%clk 1:05:45]} 49. a5 {
[%clk 1:02:25]} 49... Rcxc3 {[%clk 1:06:00]} 50. a6 {[%clk 1:02:45]} 50...
Rfd3+ {[%clk 1:06:17]} 51. Ke1 {[%clk 1:03:03]} 51... Rc2 {[%clk 1:06:38]} 52.
b5 {[%clk 1:02:55]} 52... Rd1# {[%clk 1:07:00]} 0-1

[Event "ODJM C 2018"]
[Site "Willingen GER"]
[Date "2018.05.26"]
[Round "9"]
[White "Grimm, Nicola Marie"]
[Black "Senechal, Niklas Bennett"]
[Result "1-0"]
[Termination "normal"]
[Board "2"]
[WhiteElo "1439"]
[BlackElo "1395"]
[WhiteClock "00:13:15"]
[BlackClock "00:55:53"]
[PlyCount "89"]
[WhiteFideId "12988987"]
[BlackFideId "16231180"]
[EventCountry "GER"]
[EventRounds "9"]
[EventType "swiss"]
[EventDate "2018.05.19"]

1. d4 {[%clk 1:30:58]} 1... d5 {[%clk 1:30:54]} 2. Bf4 {[%clk 1:31:21]} 2...
Bf5 {[%clk 1:30:59]} 3. Nf3 {[%clk 1:31:38]} 3... Nf6 {[%clk 1:31:08]} 4. e3 {
[%clk 1:31:39]} 4... e6 {[%clk 1:31:15]} 5. Bd3 {[%clk 1:31:26]} 5... Bxd3 {
[%clk 1:31:28]} 6. Qxd3 {[%clk 1:31:43]} 6... Bd6 {[%clk 1:29:52]} 7. Bg3 {
[%clk 1:28:51]} 7... O-O {[%clk 1:30:07]} 8. c3 {[%clk 1:28:55]} 8... c5 {
[%clk 1:29:25]} 9. Nbd2 {[%clk 1:28:27]} 9... c4 {[%clk 1:29:02]} 10. Qc2 {
[%clk 1:28:26]} 10... Nc6 {[%clk 1:28:43]} 11. Bxd6 {[%clk 1:27:37]} 11... Qxd6
{[%clk 1:28:58]} 12. O-O {[%clk 1:27:47]} 12... Nd7 {[%clk 1:25:34]} 13. e4 {
[%clk 1:24:55]} 13... f5 {[%clk 1:20:59]} 14. exd5 {[%clk 1:12:21]} 14... exd5
{[%clk 1:21:09]} 15. Rfe1 {[%clk 1:10:57]} 15... Qf4 {[%clk 1:16:41]} 16. Re2 {
[%clk 0:58:24]} 16... Nf6 {[%clk 1:14:00]} 17. Ne5 {[%clk 0:55:23]} 17... Rfe8
{[%clk 1:09:11]} 18. Rae1 {[%clk 0:52:18]} 18... Nxe5 {[%clk 1:08:25]} 19. Rxe5
{[%clk 0:51:52]} 19... Rxe5 {[%clk 1:07:40]} 20. Rxe5 {[%clk 0:51:22]} 20...
Ne4 {[%clk 1:07:48]} 21. Nxe4 {[%clk 0:50:09]} 21... dxe4 {[%clk 1:07:57]} 22.
g3 {[%clk 0:34:13]} 22... Qf3 {[%clk 1:06:51]} 23. Qa4 {[%clk 0:31:30]} 23...
Qh5 {[%clk 1:05:31]} 24. Qxc4+ {[%clk 0:31:12]} 24... Kh8 {[%clk 1:05:24]} 25.
Rc5 {[%clk 0:26:35]} 25... Qd1+ {[%clk 1:04:07]} 26. Qf1 {[%clk 0:26:41]} 26...
Qc2 {[%clk 1:04:19]} 27. Rb5 {[%clk 0:24:20]} 27... b6 {[%clk 0:56:32]} 28. Qe1
{[%clk 0:19:04]} 28... Rf8 {[%clk 0:56:16]} 29. Qe3 {[%clk 0:16:52]} 29... Qd3
{[%clk 0:54:12]} 30. Qxd3 {[%clk 0:16:21]} 30... exd3 {[%clk 0:52:38]} 31. Kf1
{[%clk 0:16:40]} 31... Re8 {[%clk 0:52:49]} 32. Re5 {[%clk 0:17:00]} 32... Rxe5
{[%clk 0:53:06]} 33. dxe5 {[%clk 0:17:26]} 33... Kg8 {[%clk 0:53:29]} 34. Ke1 {
[%clk 0:17:48]} 34... Kf7 {[%clk 0:53:49]} 35. Kd2 {[%clk 0:18:00]} 35... Ke6 {
[%clk 0:54:14]} 36. f4 {[%clk 0:17:54]} 36... Kd5 {[%clk 0:54:17]} 37. Kxd3 {
[%clk 0:18:08]} 37... g6 {[%clk 0:54:26]} 38. c4+ {[%clk 0:17:04]} 38... Kc5 {
[%clk 0:54:45]} 39. b4+ {[%clk 0:15:17]} 39... Kc6 {[%clk 0:55:02]} 40. Kd4 {
[%clk 0:15:29]} 40... a5 {[%clk 0:55:05]} 41. a3 {[%clk 0:14:54]} 41... h6 {
[%clk 0:55:15]} 42. h4 {[%clk 0:14:01]} 42... h5 {[%clk 0:55:30]} 43. b5+ {
[%clk 0:13:40]} 43... Kd7 {[%clk 0:55:50]} 44. Kd5 {[%clk 0:13:42]} 44... a4 {
[%clk 0:55:53]} 45. e6+ {[%clk 0:13:15]} 1-0